The white marriage

Bibliographic Details
Main Author: Bingham,Charlotte
Format: Book
Published: London : Bantam press , 2007
Subjects:

MARC

LEADER 00000cam a2200000 7i4500
001 0000011387
005 20080131.0
008 071113
020 |a 0593055953 
090 0 0 |a 306.81   |b BIN 
100 1 |a Bingham,Charlotte 
245 1 4 |a The white marriage   |c Charlotte Bingham 
260 |a London :   |b Bantam press ,   |c 2007 
650 0 |a Marriage 
999 |a 0000997830   |b Book   |c Adult Collection   |e Perbadanan Perpustakaan Awam Johor